perfectly pricess : (Record no. 9365)
[ view plain ]
| 000 -LEADER | |
|---|---|
| fixed length control field | 00972nam a22001937a 4500 |
| 003 - CONTROL NUMBER IDENTIFIER | |
| control field | OSt |
| 005 - DATE AND TIME OF LATEST TRANSACTION | |
| control field | 20260413011308.0 |
| 008 - FIXED-LENGTH DATA ELEMENTS--GENERAL INFORMATION | |
| fixed length control field | 260413b |||||||| |||| 00| 0 eng d |
| 040 ## - CATALOGING SOURCE | |
| Original cataloging agency | DWCL GS lib |
| Transcribing agency | OC |
| 082 ## - DEWEY DECIMAL CLASSIFICATION NUMBER | |
| Classification number | Fic. W684 2010 |
| 100 ## - MAIN ENTRY--PERSONAL NAME | |
| Personal name | Growne, Alyssa |
| 245 ## - TITLE STATEMENT | |
| Title | perfectly pricess : |
| Remainder of title | green princess saves the day |
| Statement of responsibility, etc. | Alyssa Growne |
| 260 ## - PUBLICATION, DISTRIBUTION, ETC. | |
| Place of publication, distribution, etc. | New York |
| Name of publisher, distributor, etc. | Scholastic Paperbacks and Scholastic Inc. |
| Date of publication, distribution, etc. | c2010 |
| 300 ## - PHYSICAL DESCRIPTION | |
| Extent | 71 |
| Other physical details | illustrations |
| Dimensions | 19cm |
| 520 ## - SUMMARY, ETC. | |
| Summary, etc. | The Perfectly Princess series by Alyssa Crowne is a children’s book collection featuring characters like Juliet (Pink Princess) who navigate school, friendships, and birthday parties while celebrating a love for the color pink, princess activities, and themed adventures. The books often focus on themes of inclusion and fun, featuring activities for young readers. |
| 546 ## - LANGUAGE NOTE | |
| Language note | English |
| 700 ## - ADDED ENTRY--PERSONAL NAME | |
| Personal name | Alyssa Growne |
| 942 ## - ADDED ENTRY ELEMENTS (KOHA) | |
| Source of classification or shelving scheme | Dewey Decimal Classification |
| Koha item type | CD/DVD |
| Classification part | Fic. W684 2010 |
| Suppress in OPAC | No |
| 952 ## - LOCATION AND ITEM INFORMATION (KOHA) | |
| -- | |
| Withdrawn status | Lost status | Source of classification or shelving scheme | Damaged status | Not for loan | Home library | Current library | Shelving location | Date acquired | Source of acquisition | Total Checkouts | Full call number | Barcode | Date last seen | Price effective from | Koha item type | Uniform Resource Identifier |
|---|---|---|---|---|---|---|---|---|---|---|---|---|---|---|---|---|
| Dewey Decimal Classification | Grade School Library | Grade School Library | Fiction | 04/13/2026 | School Fund, Donation | Fic. W684 2010 | 20587 | 04/13/2026 | 04/13/2026 | TEST |